Traité des membranes en general et de diverses membranes en particulier / (Registro nro. 152109)

Detalles MARC
000 -LEADER
campo de control de longitud fija 00717nam a2200205 i 4500
001 - NÚMERO DE CONTROL
campo de control 152109
003 - IDENTIFICADOR DE NÚMERO DE CONTROL
campo de control ES-MaACL
005 - FECHA Y HORA DE LA ÚLTIMA TRANSACCIÓN
campo de control 20250717091900.0
008 - DATOS DE LONGITUD FIJA--INFORMACIÓN GENERAL
campo de control de longitud fija 000803s1799 fr |||| | fre d
040 ## - FUENTE DE CATALOGACIÓN
Centro catalogador/agencia de origen CAV
Lengua de catalogación spa
Centro/agencia transcriptor CAV
100 1# - ENTRADA PRINCIPAL--NOMBRE DE PERSONA
Nombre de persona Bichat, Marie François Xavier.
9 (RLIN) 28773
245 10 - MENCIÓN DEL TÍTULO
Título Traité des membranes en general et de diverses membranes en particulier /
Mención de responsabilidad, etc. par Xav. Bichat...
260 ## - PUBLICACIÓN, DISTRIBUCIÓN, ETC.
Lugar de publicación, distribución, etc. A Paris :
Nombre del editor, distribuidor, etc. Chez Richard, Caille et Ravier...,
Fecha de publicación, distribución, etc. an VIII [1799]
300 ## - DESCRIPCIÓN FÍSICA
Extensión [8], 326, [1] en bl. p. ;
Dimensiones 8º.
597 ## - NOTA DE DESCRIPCIÓN FÍSICA
NOTA DE DESCRIPCIÓN FÍSICA Antep.
597 ## - NOTA DE DESCRIPCIÓN FÍSICA
NOTA DE DESCRIPCIÓN FÍSICA Sign.: []4, A-V8, X4.
650 #7 - PUNTO DE ACCESO ADICIONAL DE MATERIA--TÉRMINO DE MATERIA
Término de materia o nombre geográfico como elemento de entrada Anatomía humana
Fuente del encabezamiento o término embne
9 (RLIN) 9801
852 ## - LOCALIZACIÓN
Ubicación ES-MaACL
Número de control de estantería R-3473
Nota libre -- Enc. hol.
-- -- Donativo de Seoane
Existencias
Estatus retirado Estado de pérdida Estado de daño No para préstamo Colección Biblioteca de origen Biblioteca actual Ubicación en estantería Fecha de adquisición Fuente de adquisición Total de préstamos Signatura topográfica completa Código de barras Visto por última vez Precio de reemplazo Tipo de ítem Koha
        Libros del s. XVIII Biblioteca del Ateneo de Madrid Biblioteca del Ateneo de Madrid Depósito 17/01/2008     R-3473 1158796 23/02/2023 23/02/2023 Libro impreso antiguo